Catálogo
 En Linea

Christophe Colomb : (Registro nro. 6914)

Detalles MARC
000 -CABECERA
campo de control de longitud fija 00766cam a2200169 a 4500
001 - NÚMERO DE CONTROL
campo de control 000007133
005 - FECHA Y HORA DE LA ÚLTIMA TRANSACCIÓN
campo de control 20240313182408.0
008 - DATOS DE LONGITUD FIJA--INFORMACIÓN GENERAL
campo de control de longitud fija 810918s1927 fr a 000 0 fre
040 ## - FUENTE DE LA CATALOGACIÓN
Centro catalogador/agencia de origen DO-SdBNP
Lengua de catalogación spa
Centro/agencia transcriptor BNPHU
Centro/agencia modificador BNPHU
082 ## - NÚMERO DE LA CLASIFICACIÓN DECIMAL DEWEY
Número de clasificación 923.9
Número de documento/Ítem C719U
100 1# - ENTRADA PRINCIPAL--NOMBRE DE PERSONA
Nombre de persona Ulloa, Luis,
Fechas asociadas al nombre 1584-1674.
9 (RLIN) 19787
245 10 - MENCIÓN DE TÍTULO
Título Christophe Colomb :
Resto del título Catalan : la vraie Genèse de la découverte de l Amérique : avec un appendice sur les Colombo et Colomo castillans et sur le passeport donné à Colomb, en avril 1492, pour se rendre aux indes /
Mención de responsabilidad, etc. Luis Ulloa.
260 ## - PUBLICACIÓN, DISTRIBUCIÓN, ETC.
Lugar de publicación, distribución, etc. Paris :
Nombre del editor, distribuidor, etc. Libraire Orientale et Américaine ;
-- Maisonneuve freres,
Fecha de publicación, distribución, etc. 1927.
300 ## - DESCRIPCIÓN FÍSICA
Extensión 404 p. :
Otras características físicas il. ;
Dimensiones 21 cm.
600 #0 - PUNTO DE ACCESO ADICIONAL DE MATERIA--NOMBRE DE PERSONA
Nombre de persona COLÓN, CRISTOBAL,
Fechas asociadas al nombre 1436-1456
9 (RLIN) 19795
650 #4 - PUNTO DE ACCESO ADICIONAL DE MATERIA--TÉRMINO DE MATERIA
Término de materia o nombre geográfico como elemento de entrada Exploradores españoles
Subdivisión general Biografía
9 (RLIN) 19788
Existencias
Estado de retiro Estado de pérdida Restricciones de uso No para préstamo Código de colección Localización permanente Ubicación/localización actual Ubicación en estantería Fecha de adquisición Número de inventario Total de préstamos Signatura topográfica completa Código de barras Fecha visto por última vez Precio válido a partir de Tipo de ítem Koha
      Excluido de préstamo Raros y valiosos General General Depósito 04.09.2009 LF1   923.9 C719U 7133-10 25.06.2020 25.06.2020 No se presta

Con tecnología Koha